000 00418nam a2200169 a 4500
001 0000-9352
003 ELIB.Books
008 110520 1965
035 _a(ELIB.Books)0000-9504
082 _aFic
_bGil
100 _aGilliard, Alfred J.
245 _aWhite Deer's Treasure
260 _bLondon: LutterWorth Press
_c1965
650 _aFiction
942 _2ddc
_cBK
998 _cbat
_e2011-05-20
999 _c9352
_d9352